| Tag |
First Indicator |
Second Indicator |
Subfields |
| LEADER |
00000cam a2200000Ia 4500 |
| 001 |
in00002273821 |
| 005 |
20190326185119.0 |
| 006 |
m | d | |
| 007 |
cr |n||||||||n |
| 008 |
871014s1822 enk s 000 0 eng d |
| 040 |
|
|
|a DLM
|c GKR
|d OCL
|d OCLCQ
|d Thomson Gale
|d UtOrBLW
|
| 043 |
|
|
|a e-uk---
|
| 100 |
1 |
|
|a Hall, Robert,
|d 1764-1831.
|
| 245 |
1 |
2 |
|a A reply to a review in the Christian guardian :
|b Jan. 1822, of An apology for the freedom of the press, and for general liberty, &c., in a letter addressed to the editor of the Leicester journal /
|c by Robert Hall ; with the review, extracted from the Christian guardian.
|
| 264 |
|
1 |
|a London :
|b Published by Holdsworth ;
|a Bristol :
|b Sold by James, Barry & Son, Cookworthy, and Manchee,
|c 1822.
|
| 300 |
|
|
|a 18 pages ;
|c 22 cm.
|
| 336 |
|
|
|a text
|b txt
|2 rdacontent
|
| 337 |
|
|
|a computer
|b c
|2 rdamedia
|
| 338 |
|
|
|a online resource
|b cr
|2 rdacarrier
|
| 500 |
|
|
|a Reproduction of original from Goldsmiths' Library, University of London.
|
| 500 |
|
|
|a Goldsmiths'-Kress number 23678.
|
| 510 |
4 |
|
|a OCLC,
|c 16853290
|
| 533 |
|
|
|a Electronic reproduction.
|b Farmington Hills, Mich. :
|c Thomson Gale,
|d 2005.
|f (The making of the modern world).
|n Available via the World Wide Web.
|n Access limited to licensing agreements.
|7 s2005 miunns
|
| 500 |
|
|
|a Electronic resource.
|
| 600 |
1 |
0 |
|a Hall, Robert,
|d 1764-1831.
|t Apology for the freedom of the press, and for general liberty.
|
| 651 |
|
0 |
|a Great Britain
|x Politics and government
|y 1800-1837.
|
| 655 |
|
0 |
|a Electronic books.
|
| 830 |
|
0 |
|a Making of the modern world (Goldsmiths'-Kress Library of Economic Literature)
|
| 856 |
4 |
0 |
|u http://proxy.library.tamu.edu/login?url=http://galenet.galegroup.com/servlet/MOME?af=RN&ae=U104481036&srchtp=a&ste=14&locID=txshracd2898
|z Connect to the full text of this electronic book
|t 0
|
| 999 |
|
|
|a MARS
|
| 999 |
f |
f |
|s 390a465d-7224-3b8f-8af7-a01834d9e8b8
|i 56208bb5-0b30-3388-9b54-16a818ce9666
|t 0
|
| 952 |
f |
f |
|a Texas A&M University
|b College Station
|c Electronic Resources
|d Available Online
|t 0
|h No information provided
|
| 998 |
f |
f |
|t 0
|l Available Online
|